| 000 | 01140nam a2200277 a 4500 | ||
|---|---|---|---|
| 001 | BRCA_8762 | ||
| 003 | FranzMayer | ||
| 005 | 20230728112832.0 | ||
| 008 | 280317s1789----sp-g######---#000-0#spa-# | ||
| 040 |
_aMFM _besp _cMFM |
||
| 041 | _aspa | ||
| 044 | _asp | ||
| 050 | 4 |
_aBX2049.C3 _b.R58 1789 |
|
| 245 | 1 | 0 |
_aRitual carmelitano _bparte primera instrucciones de canto llano y figurado : á uso de los religiosos y religiosas de la Orden de Descalzos de Nuestra Madre Santísima, la Virgen María del Monte Carmelo de la primitiva observancia en esta congregación de España e Indias. |
| 260 |
_aMadrid _bPor Don Joseph Doblado _c1789 |
||
| 300 |
_a[10], xiii, 369 p. _c21 cm. |
||
| 500 | _aS/N | ||
| 500 | _aEstado físico : presenta lomo desprendido, hojas con manchas y presencia del pececillo de plata | ||
| 500 | _aDonación del Lic. Héctor Rivero Borrell Miranda, Director MFM, 25-enero-2017 | ||
| 500 | _aNúmero de control : 00002 | ||
| 650 | 1 | 4 |
_aCarmelitas Descalzos _921819 |
| 650 | 1 | 4 |
_aLiturgia _xCena del Señor _921820 |
| 650 | 1 | 4 |
_aIglesia católica _xLiturgia - Ritual _921821 |
| 902 | _aDCON | ||
| 942 |
_2lcc _cB |
||
| 999 |
_c8413 _d8413 |
||